| 000 | 00612nam a2200181 i 4500 | ||
|---|---|---|---|
| 001 | 85328 | ||
| 003 | ES-MaACL | ||
| 007 | t| | ||
| 008 | 041126s1949 sp ||||1| spa d | ||
| 100 | 1 |
_aJoven López, Joaquín. _967056 |
|
| 245 | 1 | 0 |
_aCartera de efectos comerciales y financieros en la Banca Privada / _cpor Joaquín Joven López. |
| 260 |
_a[Zaragoza : _bs.n.], _c1949 ( _fTip. La Editorial) |
||
| 300 |
_a185 p. ; _c23 cm. |
||
| 490 | 1 |
_aMonografías prácticas de banca ; _v1 |
|
| 830 | 0 |
_aMonografías prácticas de banca ; _v1 _9231710 |
|
| 852 |
_aES-MaACL _jB-5600 _bR.26840 |
||
| 999 |
_c85328 _d85328 |
||